01210nam a2200289 a 4500001001000000003000900010005001700019007000300036008003900039040003000078082002600108100005300134245006900187264007000256300001900326336002700345337003300372338002800405590002500433650005300458651009400511651010600605910004100711942001200752952013900764999001700903000013345DO-SdBPM20250829124314.0ta091123s19uu dr r 000 0 spa d aDO-SdBPMbspacBPMSUdrda 4a972.93053bT866d 2221 aTrujillo Molina, Héctor B.,d1908-2002eautor 10aDiscursos y mensajes 1952 - 1957 /cHéctor B. Trujillo Molina. aCiudad Trujillo, República Dominicana :b[sin nombre],c[199-?] a2 v. ;c23 cm. atextobtxt2rdacontent asin mediaciónbn2rdamedia avolumenbnc2rdacarrier aInventariado, 2025VM 7aDiscursos presidencialeszRepública Dominicana 7aRepública DominicanaxHistoriayEra de Trujillo, 1930-1961xEnsayos, Conferencias, Etc. 7aRepública DominicanaxPolítica y gobiernoyEra de Trujillo 1930-1961xEnsayos, Conferencias, Etc. aVMateo V. Control de calidad. BPMSU  2ddccBK 00102ddc708CDaBPMETbBPMETd2025-08-29eReyes Duluc l0oBPMSU CD 972.93053 T866d pBPMSU25080092r2025-08-29tv.1w2025-08-29yBK c15360d15360